| 000 | 00721nam a22001937a 4500 | ||
|---|---|---|---|
| 003 | BD-DhUL | ||
| 005 | 20170516182527.0 | ||
| 008 | 170516s1979 bg a|||| |||| 00| 0 ben c | ||
| 040 |
_aBD-DhUL _cBD-DhUL |
||
| 082 |
_a891.44 _bGUP |
||
| 100 | 1 | _aম্যাক্সিম গোর্কি | |
| 245 | 1 | 0 |
_aপ্রসঙ্গ : সাহিত্য / _cম্যাক্সিম গোর্কি |
| 260 |
_aঢাকা : _bবাংলাএকাডেমী, _c১৯৭৯ |
||
| 300 |
_a২৭৯পৃ. ; _c২২ সেমি. |
||
| 650 | 0 | _aবাংল সাহিত্য | |
| 650 | 0 | _aBangla Literature | |
| 700 | 1 |
_aমেহের কবীর _eসহ:সম্পাদক |
|
| 942 |
_2ddc _cBK |
||
| 999 |
_c198005 _d198005 |
||